Statistics for Boston Red Sox Quiz

Click here to take the quiz!

General Stats

  • This quiz has been taken 2,830 times
  • The average score is 13 of 18

Answer Stats

Hint Answer % Correct
What is the name of Boston's stadium?Fenway Park
98%
What is the nickname of that stadium's left field wall?The Green Monster
92%
What is David Ortiz's nickname?Big Papi
89%
In what year did that curse come to an end?2004
88%
What "curse" prevented the Red Sox winning the World Series for 85 years?Curse of the {Bambino}
85%
Who was, in 1941, the last player to hit .400 for an entire season?Ted Williams
78%
What is the first name of former shortstop Garciaparra?Nomar
75%
What pitcher led the majors in ERA in 1999, 2000, 2002, and 2003?Pedro Martínez
71%
Who took the team's name to heart when he pitched wearing a bloody sock in 2004?Curt Schilling
68%
What pitcher twice struck out 20 players in a single game?Roger Clemens
66%
What player led the Major Leagues in batting average in 2018?Mookie Betts
66%
Who made an error fielding a ground ball with the score tied in extra innings
of game 6 in the 1986 World Series?
Bill Buckner
63%
What Red Sox player won the Triple Crown in 1967?Carl Yastrzemski
62%
What team is Boston's AAA affiliate?{Pawtucket} Red Sox
59%
What catcher is famous for "waving fair" his game-winning home run in the
1975 World Series?
Carlton Fisk
58%
What knuckleballer retired in 2011 after nearly two decades with the Red Sox?Tim Wakefield
56%
What 1980s third baseman was rumored to be able to drink as many as 70 beers
in a single cross-country flight?
Wade Boggs
54%
Who recorded 192 of his 511 wins pitching for the Red Sox?Cy Young
54%

Score Distribution

Percentile by Number Answered

Percent of People with Each Score

Your Score History

You have not taken this quiz